| 000 | 01698nam a2200373Ia 4500 | ||
|---|---|---|---|
| 001 | DIGCIDOB097 | ||
| 003 | NyNyDIG | ||
| 006 | m o d | ||
| 007 | cr ||||||||||| | ||
| 008 | 150101s2002 sp ob 000 0 spa d | ||
| 035 | _a(OCoLC)1335125929 | ||
| 040 |
_aDGITA _beng _erda _epn _cDGITA |
||
| 043 |
_amm----- _ae------ |
||
| 050 | 1 | 4 | _aHF2036 |
| 100 | 1 |
_aNúñez Villaverde, Jesús A., _eauthor. |
|
| 245 | 1 | 0 |
_aCooperación y desarrollo en la región Euromediterránea : _bel papel de la cooperación económica y financiera de la Unión Europea en el desarrollo de los países mediterráneos no comunitarios / _cJesús A. Núñez Villaverde. |
| 264 | 1 |
_aBarcelona : _bFundació CIDOB, Barcelona Centre for International Affairs, _c2002. |
|
| 300 | _a1 online resource (19 pages) | ||
| 336 |
_atext _btxt _2rdacontent |
||
| 337 |
_acomputer _bc _2rdamedia |
||
| 338 |
_aonline resource _bcr _2rdacarrier |
||
| 490 | 1 |
_aDocumentos CIDOB. _aDiálogos mediterráneos ; _v3 |
|
| 504 | _aIncludes bibliographical references | ||
| 588 | _aDescription based on online resource; title from PDF title page (Digitalia, viewed December 5, 2014) | ||
| 651 | 0 |
_aMediterranean Region _xForeign economic relations _zEuropean Union countries. |
|
| 651 | 0 |
_aEuropean Union countries _xForeign economic relations _zMediterranean Region. |
|
| 655 | 7 |
_aPeriodicals. _2lcgft |
|
| 710 | 2 | _aCIDOB (Center) | |
| 793 | 0 |
_gDigitalia e-journal Collection: _aCIDOB, Barcelona |
|
| 791 | 2 |
_aDigitalia (Firm), _edistributor. |
|
| 830 | 0 |
_aDocumentos CIDOB. _pMediterráneo y Oriente Medio, _x1696-9979 ; _v3 |
|
| 856 | 4 | 0 |
_3Digitalia Hispánica _uhttps://www.digitaliapublishing.com/a/23855/ |
| 942 | _cRAA | ||
| 999 |
_c237997 _d237997 |
||